000 00786cam a2200241 4500
001 M2145
008 090401t1996 xxu||||| |||| 00| 0 eng d
035 _a(Sirsi) u36719
041 _aeng
050 _a333.0062
090 _aRICS 1996/58AC
110 _aRoyal Institution of Chartered Surveyors
_94900
245 _aService, quality and ethics `question surveyors` : the inaugral address of the President, Jeremy Bayliss MA FRICS, given on 9 July at the Institution`s headquarters in London.
260 _aLondon
_bRICS
_c1996
300 _a15p. ; 30cm.
350 _a0
650 _aABOUT RICS-RICS MEMBERS
650 _aPRESIDENTIAL ADDRESS
650 _aSPEECHES
690 _aMANAGEMENT-BUSINESS MANAGEMENT-PROFESSIONAL PRACTICE
942 _n0
948 _c04/03/1997
999 _c90370
_d90370